gibson girl - ethel cain - Statistics

General Stats
  • This quiz has been taken 42 times
  • The average score is 236 of 293
Answer Stats
Answer % Correct
a
97%
and
97%
i
97%
you
94%
love
91%
me
91%
my
89%
right
89%
he
86%
now
86%
wanna
86%
can
83%
if
83%
in
83%
off
83%
to
83%
u
83%
want
83%
with
83%
bad"
80%
bad
80%
be
80%
cant
80%
clothes
80%
feels
80%
fuck
80%
good
80%
it
80%
so
80%
the
80%
then
80%
all
77%
ass
77%
black
77%
dark
77%
get
77%
hes
77%
how
77%
hurt
77%
iconic
77%
leather
77%
on
77%
strangers
77%
why
77%
glasses
74%
lap
74%
says
74%
shake
74%
that
74%
where
74%
while
74%
alone
71%
"baby
71%
dont
71%
downright
71%
from
71%
please
71%
another
69%
bleed
69%
cold
69%
fucking
69%
hate
69%
know
69%
more
69%
over
69%
takes
69%
time
69%
up
69%
away
66%
body
66%
came
66%
far
66%
have
66%
immoral
66%
just
66%
knees
66%
let
66%
pouring
66%
tell
66%
thats
66%
youre
66%
addicted
63%
blooded
63%
lights
63%
same
63%
asking
60%
drugs
60%
money
60%
show
60%
they
60%
obsession
57%
only
57%
something
57%
these
54%
never
51%
would
49%
however
46%
said
40%
uh
34%
No matching quizzes found
Score Distribution
Percent of People with Each Score
Percentile by Number Answered
Your Score History
You have not taken this quiz